00622nam a2200181 450000500170000001000150001702000270003203500140005903700130007308200100008610000210009624500970011726000300021427000820024430000210032650000680034770000250041520230817114801.0 aENG-137432 c1295.00a9789391211103 aEN-120964 bDBAD/PUB a347.1 aKumar, P Krishna aKhergamvala on The Negotiable Instruments Act /cby P Krishna Kumar and S Abdul Khader Kunju aHaryanabLexisNexisc2021 a14th Floor, Building No 10,Tower-B, DLF Cyber City, Phase-IIbGurgaone122002 a712p.c24cm(pbk) aAs Amended by the Negotiable Instruments (Amendments) Act, 2018 aKunju,S Abdul Khader